000 00229nam a2200085Ia 4500
008 120527s9999 xx 000 0 und d
100 _aOTCHERE, E.O
245 _aDraught animal power research and development in Nigeria
942 _cBK
999 _c25259
_d25259